000 00538nam a2200181Ia 4500
003 GCL
008 140319s9999 xx 000 0 ara d
040 _aGCL /
_cGCL
082 0 4 _a814.008
_bك ا
100 1 _aكامل زهيرى
245 1 0 _aانا والنساء /
_cكامل زهيرى
300 _a320 ص
490 _aكتاب اليوم
_v0
650 0 4 _aالمقالات العربية
650 0 4 _aالادب العربى - العصر الحديث
650 0 4 _aالمقالات العربية - مصر
942 _2ddc
_cBK
999 _c49859
_d49859